| 000 | 00779nam a2200265 a 4500 | ||
|---|---|---|---|
| 001 | 000026468 | ||
| 003 | DO-SdBNP | ||
| 005 | 20240530073919.0 | ||
| 007 | ta | ||
| 008 | 110318s1968 dr r 000 f spa d | ||
| 020 | _a9993494402 | ||
| 040 |
_aDO-SdBNP _bspa _cBNPHU |
||
| 082 | 4 |
_222 _aRD863.3 _bB719m |
|
| 100 | 1 |
_aBonó, Pedro Francisco, _d1828-1906 _91351 |
|
| 245 | 1 | 3 |
_aEl montero / _cPedro Francisco Bonó. |
| 260 |
_aSanto Domingo : _bManatí, _c1968. |
||
| 300 |
_a93 p. ; _c17 cm. |
||
| 490 | 1 | _aObras Clásicas Dominicanas | |
| 590 | _aInventariado, 2020/BT | ||
| 650 | 1 | 0 |
_aNovela dominicana _9223 |
| 650 | 1 | 0 |
_aLiteratura dominicana. _967 |
| 830 | 0 |
_aObras Clásicas Dominicanas _91670 |
|
| 910 | _aValidado. Control de calidad. MMOLINA | ||
| 942 |
_2ddc _cLBS1 |
||
| 999 |
_c25960 _d25960 |
||